Scientific papers of the University of Pardubice

Gespeichert in:
Bibliographische Detailangaben
Format: Schriftenreihe
Sprache:Tschechisch
Veröffentlicht: Pardubice Fakulta ekonomicko-správní Univerzity Pardubice 2016
Tags: Tag hinzufügen
Keine Tags, Fügen Sie das erste Tag hinzu!

MARC

LEADER 00000nas2a2200000 4500
001 0225189
005 20161208110122.9
022 |a 1804-8048 
041 0 |a cze 
044 |a CZ 
245 1 0 |a Scientific papers of the University of Pardubice 
264 1 |a Pardubice  |b Fakulta ekonomicko-správní Univerzity Pardubice  |c 2016 
773 0 |w eu_un_cat*0208010